|
|
|
|
| LEADER |
00000nab a2200000 a 4500 |
| 001 |
vtls000522906 |
| 003 |
SK-MaSNL |
| 005 |
20260304085323.0 |
| 008 |
250425c1994 xo 0 slo |
| 015 |
|
|
|a SNBRB19rr/mm-uuuuu
|
| 035 |
|
|
|a CL0523044
|
| 035 |
|
|
|a (urnnbn)urn:nbn:sk:snk:ar-0029sy
|
| 035 |
|
|
|a (uuid)e277b4c9-6e46-4b9d-b983-baa48920d9a9
|
| 035 |
|
|
|a urn:nbn:sk:snk-ab7r66
|
| 040 |
|
|
|a SNKBUCL
|b slo
|c SNKBUCL
|e AACR2
|
| 041 |
0 |
|
|a slo
|
| 044 |
|
|
|a xo
|c SK
|
| 080 |
|
|
|a 745.5:672.85:069.51
|2 1981
|
| 080 |
|
|
|a 672.85
|2 1981
|
| 080 |
|
|
|a 069.6.02(437.6)
|2 1981
|
| 100 |
1 |
|
|a Mrva, Marián,
|d 1958-
|4 aut
|9 165312
|
| 245 |
1 |
0 |
|a Drotárske zbierky Považského múzea v Žiline
|c Marian Mrva
|
| 300 |
|
|
|b Fotogr. 5
|
| 610 |
2 |
7 |
|a Považské múzeum
|2 snkbucl
|9 33264
|
| 650 |
0 |
7 |
|a drotárstvo
|2 snkbucl
|9 31752
|
| 655 |
|
7 |
|a články z novín a časopisov
|2 snkbucl
|9 267496
|
| 773 |
0 |
|
|t Pamiatky a múzeá
|g Roč. 43, č. 3 (1994), s. 59-61
|
| 850 |
|
|
|a Slovenská národná knižnica
|
| 852 |
|
|
|a Slovenská národná knižnica
|
| 954 |
|
|
|a odborná, vedecká literatúra pôvodná (slovenská)
|2 lita
|
| 957 |
|
|
|a 5313
|
| 958 |
|
|
|a article9
|
| 958 |
|
|
|a RK
|
| 958 |
|
|
|a OND
|
| 958 |
|
|
|a EUIPO
|
| 992 |
|
|
|a RBX
|
| 999 |
|
|
|c 2807513
|d 2809443
|